| 000 | 00506nam a2200181Ia 4500 | ||
|---|---|---|---|
| 008 | 240729s9999 xx 000 0 und d | ||
| 245 | 0 | _aEgyptian Journal of Genetics and Cytology | |
| 260 | _aEgypt | ||
| 260 | _bThe Egyptian Society of Genetics | ||
| 650 | _a Biology (General) | ||
| 650 | _a Biology (General) | ||
| 650 | _a Cytology | ||
| 650 | _a Genetics | Science | ||
| 650 | _aScience | ||
| 856 | _uhttps://doaj.org/toc/bb2eb0fe69274390a2ee03d7c57f2bd7 | ||
| 942 | _2ddc | ||
| 942 | _cDOAJEJ | ||
| 999 |
_c71161 _d71161 |
||
| 945 |
_a1 _bMadushi Gamage _c1 _dMadushi Gamage |
||